000 01036nam a22002897a 4500
001 BR8204176
003 BR-BrBNA
005 20230928091412.0
007 ta
008 230509b bl.||||| |||| 00| 0 por d
040 _aBR-BrBNA
_bpor
_cBiblioteca Nacional de Agricultura
041 _a(Por)
072 _aK20
_b3140
_b/G514
090 _ 3140 BR8204176
100 1 _aJorge, L.A.B.
110 1 _aUniversidade Federal do Parana, Curitiba (Brasil). Setor de Ciencias Agrarias
_0Tese (Mestrado)
245 1 _aUtilizacao de curvas de forma em series relativas transformadas nas estimativas de volumes totais e parciais de Pinus taeda L. [pinheiro, Brasil]
260 3 _aCuritiba, PR (Brasil):
_c1982.
300 _a91 p.
500 _a30 ref.; Summaries (Eng, Por). (*) Documento disponível na(o) UFPR, Curitiba, PR (Brazil). Setor de Ciencias Agrarias
650 _aADMINISTRACAO FLORESTAL
650 _aDENDROMETRIA
650 _aPINHEIRO
650 _aGUARAPUAVA
909 _a202309
_bLucia
_c55
_dLucia Elande
942 _cBK
999 _c33709
_d33709